000 00526nam a2200169Ia 4500
005 20250508160016.0
008 008 250505s9999 xx 000 0 eng d
037 _aBooks to be hide in OPAC
040 _aFEDL
_beng
_cFEDL
041 _aeng
_2eng
084 _a370.63, HUM/O
_qFEDL
245 0 _aReport of symposium on "supervision in schools" February, 1955 and educational gathering 25th to 28th March
260 _c1955
300 _avi,162p.
942 _cHB
_h370.63, HUM/O
999 _c1360974
_d1360974